000
00313nam a22001337a 4500
008
170614b xxu||||| |||| 00| 0 eng d
020
_a
9780791437049
041
_a
eng
080
_a
32
100
_a
19
101
_a
SHP
245
_a
CITIZEN PERSPECTIVES ON COMMUNITY POLICING
_c
WILLIAMS,B,N
942
_2
udc
_c
BK
999
_c
17404
_d
17404